Quizzes
Events
Quiz Creation
Community
Videos
Private Events
Remove Ads
Sign In
Join for FREE
Feedback
Dark Mode
Quiz Categories
Sports
Geography
Music
Movies
Television
Just For Fun
Miscellaneous
History
Literature
Language
Science
Gaming
Entertainment
Religion
Holiday
For Kids
Quiz Lab
Recent
Popular Today
Quiz Kudos Today
Editor Picks
Curator Picks
Quizzes by...
Day
Popularity
Type
Ratings
Length
Year
Community
Subscriptions
Recent Discussions
Orange Saloon
Badges
Playlists
Quests
Create
Leaderboards
Showdown
Live 5
Trivia Bingo
Activity
Puzzle Library
Sporcle Events
Private Events
Virtual Trivia
Globe League
Become a Host
Pub Owners
SporcleCon
Opinionation
Our Games
Videos
Blog
Mobile Apps
Partnerships
Remove Ads and Go Orange
Feedback
Sports
Athletes
MLB
NBA
NHL
NFL
Soccer
Sports Teams
WWE
NCAA
Football
Premier League
Basketball
Baseball
Hockey
Golf
Tennis
Cricket
Rugby
Auto Racing
Olympics
World Cup
Sports
Athletes
MLB
NBA
NHL
NFL
Soccer
Sports Teams
WWE
NCAA
Football
Premier League
Basketball
Baseball
Hockey
Golf
Tennis
Cricket
Rugby
Auto Racing
Olympics
World Cup
Random Quiz
Search Sporcle
×
Quiz Lab
Quiz Lab
Sports
Grand Prix
Type in answers that appear in a list
Type in answers that appear in a list
Classic
Best Score? Go Orange.
2012 GP Riders in Poland Stats
Can you name the 2012 GP Riders who will represent each club in Poland?
By
guru60
2m
15 Questions
50 Plays
50 Plays
50 Plays
Comments
Comments
Give Quiz Kudos
Give Quiz Kudos
-
- Ratings
hide this ad
More Info
Forced Order
Answers have to be entered in order
Answers have to be entered in order
Random Order
Randomize order of answers
Randomize order of answers
Replay
Link that replays current quiz
Next Quiz
Link to next quiz in quiz playlist
You Got
0%
They Got
Avg Score
32%
Avg Friend Score
Upgrade to see
Score Distribution
Jump to the score distribution portion of the page
Score
0/15
Timer
02:00
0
Plays Today
Polish Club
Rider
% Correct
Stal Gorzów
Tomasz Gollob
54%
Włókniarz Częstochowa (British Rider)
Chris Harris
50%
Unibax Toruń
Chris Holder
44%
Unia Leszno
Jarosław Hampel
38%
Unia Tarnów
Greg Hancock
36%
Start Gniezno (Swedish Rider)
Antonio Lindback
34%
Stal Rzeszów
Jason Crump
32%
GTŻ Grudziądz (Danish Rider)
Hans Andersen
32%
Polish Club
Rider
% Correct
Falubaz Zielona Góra
Andreas Jonsson
30%
Włókniarz Częstochowa (Danish Rider)
Kenneth Bjerre
28.3%
GTŻ Grudziądz (Swedish Rider)
Peter Ljung
26%
Wybrzeże Gdańsk
Nicki Pedersen
22%
Start Gniezno (Danish Rider)
Bjarne Pedersen
22%
Polonia Bydgoszcz
Emil Sayfutdinov
20%
Sparta Wrocław
Fredrik Lindgren
18%
Quiz Playlist
Details
Report
Send in Message
Add To Playlist
More Info:
Something fast for three months left to next GP!
Classic:
Type in answers that appear in a list
Forced Order:
Answers have to be entered in order
Random Order:
Randomize order of answers
Last Updated: Feb 16, 2017
Quiz Scoreboard
CHALLENGE
Sign Up to Join the Scoreboard
Show All
Scores
Hide
Comments
May contain spoilers
Recently Published
Movies - When Are They Set?
by FPL_Elf
Movies
5m
Popular People in 1961
by mucciniale
History
6m
1-10 Letter E Words III
by El_Dandy
Language
2m
More to Explore
Quiz From the Vault
Featured Blog Post
Where Did the Easter Bunny Come From?
hide this ad
You Might Also Like...
Tags
2012
club
Grand Prix
Motorsport World
Poland
Polish
Speedway
Speedway League
Today's Top Quizzes in Sports
Browse Sports
hide this ad
Today's Top Quizzes in Grand Prix
Browse Grand Prix
Top Contributed Quizzes in Sports
1
Les meilleurs buteurs des matchs entre le PSG et l’OM
2
FIFA Club World Cup Champions
3
Les entraîneurs de l'OM et du PSG au 21e siècle
4
2022 World Cup Stars
5
Name the Premier League winners with different clubs
6
La finale Lions - Afrique du Sud 2021
7
Criteria MLB: Left Handed Sluggers
8
Les joueurs passés par le LOSC et le RC Lens
9
Players with Multiple 50 Home Run Seasons
10
MLB Players with Two .350 Batting Average Seasons
Explore More
Trending Topics
Crossword
NBA
Harry Potter
Kpop
Anime
Disney
Marvel
The Office
Country
Puzzle
Pokémon
WWE
Soccer
NFL
Song
hide this ad
More By:
guru60
Quiz
Plays
Rating
Category
Featured
Created
Speedway Towns in Great Britain
1,559
4.00
Sports
Aug 12, 2011
Speedway Grand Prix Heats Won
1,326
4.00
Sports
Apr 9, 2011
Speedway Towns in Poland
893
5.00
Sports
Aug 9, 2011
Speedway Grand Prix Riders from Great Britain
885
5.00
Sports
Jun 8, 2011
Speedway Grand Prix Riders from Poland
817
5.00
Sports
Jun 8, 2011
Go to Creator's Profile
Score Distribution
Quiz Creator Spotlight
guru60
Follow
Send a Message
Quizzes Created
-
Created Quiz Play Count
-
More By This Creator
Popular Quizzes Today
1
Find the Countries of Europe - No Outlines Minefield
2
Find the US States - No Outlines Minefield
3
The Countries of the World
4
Popular People in 1961
5
US States
6
1-10 Letter E Words III
7
Find the US States
8
One Thing in Common: World Cities II
More Sports Quizzes
Find the NFL Hall of Fame Inductees (Coaches)
Published
Trending Quizzes
Risky Map Clicking: Least Populous States A-Z
1-10 Letter F Words
Humor Books: The Subtitles
1-10 Letter G Words
One Thing in Common: United Kingdom
Recently Updated
Leaping Animals
pecheneg
Reality TV Shows (A-Z)
bhenderson79
Rickey Henderson's Hall of Fame Teammates
pecheneg
Champions League XIs: Arsenal
pecheneg
Quick Pick: Celebrities in WWE's Hall of Fame
aduchscher
A-Z Keypad Blitz II
pecheneg
Multiple Oscar Actors
pecheneg
Mystery Phrase Blitz: Oscar 'Best Actors'
pecheneg
F. Scott Fitzgerald Novels
LTH
Pick 3 Villains
ddd62291
Trending Topics
NBA
Crossword
Harry Potter
Marvel
Disney
Kpop
Anime
Puzzle
Song
The Office
NFL
WWE
Soccer
Country
Pokémon
Your Account Isn't Verified!
In order to create a playlist on Sporcle, you need to verify the email address you used during registration. Go to your
Sporcle Settings
to finish the process.
Report this User
Report this user for behavior that violates our
Community Guidelines
.
Details:
Send Report
Go to the Sporcle.com Mobile Site →
Comments